000 01040cab a22002295a 4500
001 L144143
008 080624e20080621xxk f 000 0 eng d
035 _a(Sirsi) u144143
041 0 _aeng
100 1 _aMackie, Bill
245 0 0 _aRegenerating CICs
260 _c2008
490 0 _aEstates Gazette
_v(0824) 21 June 2008, 136-137(2)
520 _aExplains what Community Interest Companies (CICs) are and the requirements to register as a CIC. Explains what their role might be in regeneration and what can be achieved by creating an appropriate CIC. Notes that CICs are often used by social enterprises that wish to operate as companies and that they have the potential to be used for public sector regeneration.
590 _aKA
650 2 4 _aCOMMUNITY INTEREST COMPANY (CIC)
650 2 4 _aCOMPANIES (AUDIT, INVESTIGATION AND COMMUNITY ENTERPRISE) ACT 2004
650 2 4 _aCALLCUTT REVIEW OF HOUSE BUILDING DELIVERY
651 4 _aEngland and Wales
_y1543-
690 _aPROPERTY-PROPERTY MANAGEMENT-REGENERATION
942 _n0
999 _c80362
_d80362